export_success — 

Junk bonds how high yield securities restructured corporate America /

Bibliographic Details
Main Author: Yago, Glenn.
Corporate Author: ProQuest (Firm)
Format: Electronic eBook
Language:English
Published: New York ; Oxford : Oxford University Press, 1991.
Subjects:
Online Access:Click to View
LEADER 01336nam a2200361Ia 4500
001 EBC271758
003 MiAaPQ
005 20200520144314.0
006 m o d |
007 cr cn|||||||||
008 900403s1991 nyua sb 001 0 eng d
010 |z  90035876  
020 |z 019506111X (alk. paper) 
020 |z 9780195061116 
035 |a (MiAaPQ)EBC271758 
035 |a (Au-PeEL)EBL271758 
035 |a (CaPaEBR)ebr10279291 
035 |a (CaONFJC)MIL52433 
035 |a (OCoLC)466426288 
040 |a MiAaPQ  |c MiAaPQ  |d MiAaPQ 
050 4 |a HG4963  |b .Y34 1990 
082 0 4 |a 332.63/234  |2 20 
100 1 |a Yago, Glenn. 
245 1 0 |a Junk bonds  |h [electronic resource] :  |b how high yield securities restructured corporate America /  |c Glenn Yago. 
260 |a New York ;  |a Oxford :  |b Oxford University Press,  |c 1991. 
300 |a xi, 249 p. :  |b ill. 
504 |a Includes bibliographical references and index. 
533 |a Electronic reproduction. Ann Arbor, MI : ProQuest, 2015. Available via World Wide Web. Access may be limited to ProQuest affiliated libraries. 
650 0 |a Junk bonds  |z United States  |v Case studies. 
650 0 |a Junk bonds  |z United States. 
655 4 |a Electronic books. 
710 2 |a ProQuest (Firm) 
856 4 0 |u https://ebookcentral.proquest.com/lib/matrademy/detail.action?docID=271758  |z Click to View